[Event "Hessen-chB"]
[Site "Marburg"]
[Date "2006.04.15"]
[Round "7.21"]
[White "Popp, Matthias"]
[Black "Reitmeier, Markus"]
[Result "0-1"]
[WhiteElo "1541"]
[BlackElo "1786"]
[PlyCount "78"]
[EventDate "2006.04.13"]
[EventType "swiss"]
[EventRounds "7"]
[EventCountry "GER"]
[SourceTitle "EXT 2007"]
[Source "ChessBase"]
[SourceDate "2006.11.23"]
[SourceVersion "1"]
[SourceVersionDate "2006.11.23"]
[SourceQuality "1"]

1. d4 d5 2. Nf3 Bg4 3. h3 Bh5 4. g4 Bg6 5. Ne5 Nf6 6. Bg5 Ne4 7. Nxg6 hxg6 8. Bf4 e6 9. Bg2 Bd6 10. Bxd6 Qxd6 11. Bxe4 dxe4 12. Nc3 f5 13. e3 Nc6 14. a3 a6 15. Qe2 0-0-0 16. 0-0-0 Ne7 17. Na4 Qd5 18. c4 Qd6 19. Kb1 Nc6 20. Qc2 g5 21. Nc5 Nb8 22. Qb3 Qc6 23. Qb4 b6 24. Nb3 a5 25. Qc3 Kb7 26. c5 Qd5 27. Rc1 Nc6 28. Nd2 Ra8 29. b3 Rh7 30. cxb6 cxb6 31. Qc4 g6 32. Kb2 Rah8 33. Qf1 e5 34. Qc4 Qxc4 35. bxc4 exd4 36. exd4 Nxd4 37. c5 b5 38. Nb3 Nxb3 39. Kxb3 Rxh3+ 0-1

[Event "Hessen-chB"]
[Site "Marburg"]
[Date "2006.04.13"]
[Round "5.23"]
[White "Reitmeier, Markus"]
[Black "Sander, Rudi"]
[Result "1-0"]
[WhiteElo "1786"]
[BlackElo "1345"]
[PlyCount "69"]
[EventDate "2006.04.13"]
[EventType "swiss"]
[EventRounds "7"]
[EventCountry "GER"]
[SourceTitle "EXT 2007"]
[Source "ChessBase"]
[SourceDate "2006.11.23"]
[SourceVersion "1"]
[SourceVersionDate "2006.11.23"]
[SourceQuality "1"]

1. d4 d5 2. Nf3 Nf6 3. g3 e6 4. Bg2 Nc6 5. a3 h6 6. Nbd2 Bd6 7. c4 b6 8. b4 a6 9. Bb2 Bb7 10. 0-0 0-0 11. Qc2 Be7 12. Rac1 Rc8 13. c5 b5 14. Rfe1 Ra8 15. e4 a5 16. Bc3 axb4 17. axb4 Ra4 18. Rb1 Re8 19. Bf1 Ba6 20. Ra1 Rxa1 21. Rxa1 Qc8 22. e5 Nh7 23. Qa2 Nb8 24. c6 Rf8 25. Qa5 Nxc6 26. Qxa6 Qxa6 27. Rxa6 Nxb4 28. Ra7 Rc8 29. Bxb5 Kf8 30. Bd7 Rb8 31. Rxc7 Ng5 32. Nxg5 Bxg5 33. Rc8+ Rxc8 34. Bxb4+ Kg8 35. Bxc8 1-0